[Event "FIDE WCC Blitz Women 2019"]
[Site "Moscow"]
[Date "2019.12.29"]
[Round "5.40"]
[White "Song, Yuxin"]
[Black "Mamedjarova, Zeinab"]
[Result "1-0"]
[WhiteElo "2128"]
[BlackElo "2325"]
[Annotator "NA"]
[PlyCount "105"]
[EventDate "2019.12.29"]
[EventType "swiss"]
[EventCountry "RUS"]
[SourceTitle "playchess.com"]
[Source "ChessBase"]
[SourceQuality "1"]

1. e4 d5 2. exd5 Qxd5 3. Nc3 Qd8 4. d4 Nf6 5. Nf3 e6 6. Bc4 a6 7. a4 Be7 8. O-O O-O 9. h3 Nbd7 10. Bf4 Nb6 11. Bb3 Nbd5 12. Nxd5 Nxd5 13. Bg3 b6 14. c4 Nf6 15. Bf4 Bb7 16. Be3 Rc8 17. Qe2 a5 18. Rfd1 Qd6 19. Ne5 c5 20. Bf4 cxd4 21. Ng6 Qb4 22. Nxe7+ Qxe7 23. Rxd4 Qb4 24. Qd3 Bc6 25. Bd6 Be4 26. Bxb4 Bxd3 27. Bxf8 Bf5 28. Be7 Ne4 29. Rd8+ Rxd8 30. Bxd8 Nd2 31. Ba2 Bd3 32. Rd1 Bxc4 33. Rxd2 Bxa2 34. Bxb6 f5 35. Bxa5 Kf7 36. Bc3 g6 37. Rd7+ Ke8 38. Rxh7 Kd8 39. a5 Bc4 40. b3 Bxb3 41. a6 Bd5 42. a7 Kc8 43. Be5 Be4 44. Rc7+ Kd8 45. f3 Bd5 46. Kf2 Ba8 47. Ke3 g5 48. Kd4 Bd5 49. Kc5 g4 50. hxg4 fxg4 51. fxg4 Bxg2 52. g5 Be4 53. g6 1-0

[Event "FIDE WCC Blitz Women 2019"]
[Site "Moscow"]
[Date "2019.12.29"]
[Round "5.41"]
[White "Matveeva, Svetlana"]
[Black "Zhuravleva, Olga"]
[Result "1-0"]
[WhiteElo "2239"]
[BlackElo "2127"]
[Annotator "NA"]
[PlyCount "58"]
[EventDate "2019.12.29"]
[EventType "swiss"]
[EventCountry "RUS"]
[SourceTitle "playchess.com"]
[Source "ChessBase"]
[SourceQuality "1"]

1. d4 g6 2. c4 Bg7 3. Nc3 d6 4. g3 Nc6 5. Nf3 e5 6. dxe5 Nxe5 7. Nxe5 Bxe5 8. Bg2 Bg7 9. O-O Nf6 10. Qc2 O-O 11. b3 Re8 12. Bb2 Bf5 13. Qd2 Rb8 14. f3 Nd7 15. e4 Be6 16. f4 f5 17. exf5 Bxf5 18. Rae1 Nc5 19. Rxe8+ Qxe8 20. Re1 Qf8 21. Nb5 c6 22. Bxg7 Qxg7 23. Nxd6 Rd8 24. Re8+ Rxe8 25. Nxe8 Qe7 26. Nd6 Bg4 27. h3 Bd7 28. Qd4 Ne6 29. Qe5 Qf8 1-0

[Event "FIDE WCC Blitz Women 2019"]
[Site "Moscow"]
[Date "2019.12.29"]
[Round "5.42"]
[White "Diakonova, Ekaterina"]
[Black "Tomilova, Elena"]
[Result "1-0"]
[WhiteElo "2090"]
[BlackElo "2219"]
[Annotator "NA"]
[PlyCount "83"]
[EventDate "2019.12.29"]
[EventType "swiss"]
[EventCountry "RUS"]
[SourceTitle "playchess.com"]
[Source "ChessBase"]
[SourceQuality "1"]

1. e4 e6 2. d4 d5 3. Nd2 Nc6 4. c3 e5 5. dxe5 dxe4 6. Bb5 e3 7. Bxc6+ bxc6 8. fxe3 Bc5 9. Ndf3 Qxd1+ 10. Kxd1 Ne7 11. e4 Ba6 12. b4 Bb6 13. a4 O-O-O+ 14. Ke1 Bd3 15. Ne2 a5 16. Bg5 Rd7 17. Ng3 Ng6 18. h4 h6 19. Bd2 Re8 20. Nf5 Bxe4 21. Nxg7 Ree7 22. Bxh6 Nxe5 23. Nxe5 Rxe5 24. Bf4 Ree7 25. Bg5 Bxg2+ 26. Bxe7 Rxe7+ 27. Kd2 Be3+ 28. Kd3 Bxh1 29. Rxh1 axb4 30. Nf5 Rd7+ 31. Kxe3 bxc3 32. h5 c2 33. Rc1 Kb7 34. h6 f6 35. Ng7 Rd1 36. Rxc2 Rh1 37. Nf5 Rh5 38. Kf4 Kb6 39. Kg4 Rh1 40. Nh4 f5+ 41. Kh5 f4 42. h7 1-0

[Event "FIDE WCC Blitz Women 2019"]
[Site "Moscow"]
[Date "2019.12.29"]
[Round "5.43"]
[White "Atalik, Ekaterina"]
[Black "Komiagina, Maria"]
[Result "1/2-1/2"]
[WhiteElo "2211"]
[BlackElo "2106"]
[Annotator "NA"]
[PlyCount "90"]
[EventDate "2019.12.29"]
[EventType "swiss"]
[EventCountry "RUS"]
[SourceTitle "playchess.com"]
[Source "ChessBase"]
[SourceQuality "1"]

1. Nf3 Nf6 2. g3 c5 3. Bg2 Nc6 4. O-O d5 5. d4 e6 6. c4 dxc4 7. Ne5 Nxe5 8. dxe5 Nd7 9. f4 Be7 10. Nd2 Nb6 11. Qc2 O-O 12. Kh1 Qc7 13. Nxc4 Nxc4 14. Qxc4 Rb8 15. e4 b5 16. Qe2 a6 17. f5 Rd8 18. Bf4 Bf8 19. Rad1 Bb7 20. f6 g6 21. h4 h6 22. Rd6 Bxd6 23. exd6 Rxd6 24. Qe3 Qd8 25. Bxd6 Qxd6 26. Qxh6 Qf8 27. Qg5 Kh7 28. Rd1 Bc6 29. Kh2 Rc8 30. e5 Bxg2 31. Kxg2 Rd8 32. Rxd8 Qxd8 33. h5 Qd5+ 34. Kh2 Qe4 35. hxg6+ Qxg6 36. Qf4 Qh5+ 37. Kg2 Qe2+ 38. Kh3 Qh5+ 39. Kg2 Qe2+ 40. Kg1 Qd1+ 41. Kf2 Qc2+ 42. Kf3 Qd3+ 43. Kg2 Qe2+ 44. Kh3 Qh5+ 45. Kg2 Qe2+ 1/2-1/2

[Event "FIDE WCC Blitz Women 2019"]
[Site "Moscow"]
[Date "2019.12.29"]
[Round "5.44"]
[White "Nurgali, Nazerke"]
[Black "Lysenko, Margarita"]
[Result "0-1"]
[WhiteElo "2075"]
[BlackElo "2188"]
[Annotator "NA"]
[PlyCount "104"]
[EventDate "2019.12.29"]
[EventType "swiss"]
[EventCountry "RUS"]
[SourceTitle "playchess.com"]
[Source "ChessBase"]
[SourceQuality "1"]

1. d4 Nf6 2. c4 e6 3. g3 c5 4. d5 exd5 5. cxd5 d6 6. Nc3 g6 7. Bg2 Bg7 8. Nf3 O-O 9. O-O Re8 10. Bf4 Bf5 11. Nd2 Nh5 12. e4 Nxf4 13. gxf4 Bd7 14. Re1 b5 15. e5 b4 16. Nce4 dxe5 17. Nxc5 exf4 18. Rxe8+ Bxe8 19. Ndb3 Nd7 20. Qd2 Nxc5 21. Nxc5 Qb6 22. Ne4 Rd8 23. Qxf4 h6 24. Rd1 f5 25. Ng3 Bf7 26. d6 Bxb2 27. d7 Bg7 28. Qc1 Be6 29. Bc6 Kf7 30. Ne2 Be5 31. Ba4 Qb8 32. Qxh6 Bg7 33. Qe3 a5 34. Nf4 Bxa2 35. Qg3 Qb6 36. Rd2 b3 37. Nd5 Qe6 38. Nf4 Qe1+ 39. Kg2 Qxd2 40. Qxg6+ Kg8 41. Qe6+ Kh8 42. Ng6+ Kh7 43. Qxf5 Qh6 44. Ne7+ Kh8 45. Nc6 Rxd7 46. Qxd7 Qg6+ 47. Kf1 Bb1 48. Bxb3 Bd3+ 49. Ke1 Qe4+ 50. Kd1 Qe2+ 51. Kc1 Qe1+ 52. Bd1 Qc3+ 0-1

[Event "FIDE WCC Blitz Women 2019"]
[Site "Moscow"]
[Date "2019.12.29"]
[Round "5.45"]
[White "Munkhzul, Turmunkh"]
[Black "Geller, Anastasiya"]
[Result "1-0"]
[WhiteElo "2139"]
[BlackElo "2073"]
[Annotator "NA"]
[PlyCount "133"]
[EventDate "2019.12.29"]
[EventType "swiss"]
[EventCountry "RUS"]
[SourceTitle "playchess.com"]
[Source "ChessBase"]
[SourceQuality "1"]

1. e4 c6 2. d4 d5 3. exd5 cxd5 4. Bd3 Nf6 5. c3 Nc6 6. Nf3 Bg4 7. O-O e6 8. h3 Bh5 9. Bf4 Bd6 10. Bxd6 Qxd6 11. Nbd2 O-O 12. Re1 Rab8 13. Qe2 Ne7 14. Qe5 Qxe5 15. dxe5 Nd7 16. Nd4 Bg6 17. Bf1 Nc6 18. N4f3 b5 19. a3 Rfe8 20. Re3 a6 21. Rae1 Nc5 22. Nd4 Nxd4 23. cxd4 Na4 24. b3 Nb6 25. Rc3 Rec8 26. Rec1 Rxc3 27. Rxc3 Rc8 28. Rxc8+ Nxc8 29. b4 Bc2 30. f4 Ne7 31. Kf2 Nf5 32. Nf3 Be4 33. g4 Bxf3 34. gxf5 Be4 35. fxe6 fxe6 36. h4 Kf7 37. Bh3 g6 38. Ke3 Bf5 39. Bf1 Bc2 40. Be2 h6 41. Kd2 Bb3 42. Kc3 Ba4 43. Bg4 Ke7 44. h5 gxh5 45. Bxh5 Kd7 46. Be2 Ke7 47. Bg4 Kf7 48. f5 exf5 49. Bxf5 h5 50. Bc8 h4 51. Bxa6 h3 52. Bb7 Bd1 53. Bxd5+ Kg6 54. Be4+ Kg5 55. e6 Kf6 56. d5 Be2 57. Kd4 Bf1 58. Ke3 Bc4 59. Kf4 h2 60. Bh1 Bb3 61. Kg3 Bc4 62. Kxh2 Bd3 63. Kg3 Bg6 64. Kf4 Be8 65. Be4 Bh5 66. Bd3 Be8 67. Ke4 1-0

[Event "FIDE WCC Blitz Women 2019"]
[Site "Moscow"]
[Date "2019.12.29"]
[Round "5.46"]
[White "Shumilina, Alexandra"]
[Black "Bogumil, Tatiana"]
[Result "1/2-1/2"]
[WhiteElo "2139"]
[BlackElo "1996"]
[Annotator "NA"]
[PlyCount "103"]
[EventDate "2019.12.29"]
[EventType "swiss"]
[EventCountry "RUS"]
[SourceTitle "playchess.com"]
[Source "ChessBase"]
[SourceQuality "1"]

1. e4 g6 2. d4 Bg7 3. Be3 d6 4. f3 c6 5. c4 Nd7 6. Nc3 Qa5 7. Qd2 c5 8. Nge2 cxd4 9. Nxd4 a6 10. Be2 Ne5 11. O-O Nc6 12. Nxc6 bxc6 13. Bd4 Nf6 14. Kh1 O-O 15. Rfd1 Qc7 16. Rac1 Rb8 17. b3 c5 18. Be3 Re8 19. Bd3 Bb7 20. Qf2 Bc6 21. e5 Nd7 22. exd6 exd6 23. Be4 Nf6 24. Bxc6 Qxc6 25. Nd5 Nxd5 26. Rxd5 Re6 27. h3 Rbe8 28. Rd3 Be5 29. Rcd1 a5 30. Qc2 Bg3 31. Qd2 a4 32. Bf4 Bxf4 33. Qxf4 axb3 34. axb3 Qa6 35. Rxd6 Rxd6 36. Qxd6 Qa2 37. Qd2 Qxb3 38. Re1 Rxe1+ 39. Qxe1 Qxc4 40. Qe8+ Kg7 41. Qe5+ Kg8 42. Qe8+ Kg7 43. Qe5+ f6 44. Qe7+ Kh6 45. Qe3+ g5 46. Qe7 Qc1+ 47. Kh2 Qf4+ 48. Kh1 Qe5 49. Qf8+ Kg6 50. Qg8+ Kh6 51. Qf8+ Kg6 52. Qg8+ 1/2-1/2

[Event "FIDE WCC Blitz Women 2019"]
[Site "Moscow"]
[Date "2019.12.29"]
[Round "5.47"]
[White "Tsogzolmaa, Nanjid"]
[Black "Muetsch, Annmarie"]
[Result "0-1"]
[WhiteElo "1775"]
[BlackElo "2202"]
[Annotator "NA"]
[PlyCount "104"]
[EventDate "2019.12.29"]
[EventType "swiss"]
[EventCountry "RUS"]
[SourceTitle "playchess.com"]
[Source "ChessBase"]
[SourceQuality "1"]

1. d4 Nf6 2. Nf3 g6 3. Bg5 Bg7 4. Nbd2 O-O 5. e4 d5 6. e5 Ne4 7. Bh4 c5 8. c3 Nc6 9. Bd3 cxd4 10. cxd4 Bf5 11. Qe2 Nb4 12. Bxe4 dxe4 13. Nxe4 Rc8 14. O-O Rc2 15. Qe1 a5 16. a3 Nd5 17. Nc3 Nxc3 18. bxc3 Bd3 19. Qd1 Rxc3 20. Qd2 Rb3 21. Rfc1 Be4 22. Ng5 Bc6 23. Rcb1 Rxb1+ 24. Rxb1 h6 25. Nh3 Qd5 26. Nf4 Qe4 27. Re1 Qf5 28. Bg3 g5 29. Nd3 Bd5 30. Nc5 b6 31. Nd3 Rc8 32. f4 g4 33. Nf2 Rc2 34. Qd3 Qxd3 35. Nxd3 e6 36. Nf2 h5 37. Rb1 Rc6 38. h3 gxh3 39. gxh3 Bf8 40. Kh2 Bxa3 41. Nd1 Bb4 42. Ne3 Be4 43. Rb2 Bc3 44. Re2 Bxd4 45. Ng2 Bd5 46. Bh4 Kf8 47. Bf6 Ke8 48. Nh4 a4 49. f5 a3 50. fxe6 fxe6 51. Rg2 Bxg2 52. Nxg2 a2 0-1

[Event "FIDE WCC Blitz Women 2019"]
[Site "Moscow"]
[Date "2019.12.29"]
[Round "5.48"]
[White "Danielian, Elina"]
[Black "Enkhtuul, Altan-Ulzii"]
[Result "0-1"]
[WhiteElo "2341"]
[BlackElo "2149"]
[Annotator "NA"]
[PlyCount "148"]
[EventDate "2019.12.29"]
[EventType "swiss"]
[EventCountry "RUS"]
[SourceTitle "playchess.com"]
[Source "ChessBase"]
[SourceQuality "1"]

1. Nf3 Nf6 2. c4 Nc6 3. g3 e5 4. d3 Bb4+ 5. Bd2 Bxd2+ 6. Qxd2 h6 7. Nc3 O-O 8. Bg2 d6 9. h3 Be6 10. O-O Qc8 11. Kh2 Nd4 12. Nxd4 exd4 13. Nb5 Re8 14. Nxd4 Bd7 15. Rae1 c6 16. e4 Qd8 17. f4 Qb6 18. Nf3 Rad8 19. b3 Qc7 20. Qf2 b5 21. cxb5 cxb5 22. Rc1 Qa5 23. Qd2 Qb6 24. b4 Be6 25. a3 Rc8 26. f5 Bd7 27. Qf4 Nh5 28. Qd2 Qb8 29. Rxc8 Rxc8 30. g4 Nf6 31. Rc1 Re8 32. Qf4 Qb6 33. Rc2 a5 34. h4 h5 35. gxh5 Nxh5 36. Qg5 Nf6 37. h5 Nh7 38. Qg3 d5 39. bxa5 Qh6 40. Bh3 dxe4 41. Rg2 exf3 42. Qxf3 Ng5 43. Qg3 Nxh3 44. Qxh3 Re3 45. Qh4 Qd6+ 46. Kg1 Qxd3 47. Qg5 Re1+ 48. Kh2 Qd6+ 49. Rg3 Re2+ 50. Kh3 Qf8 51. h6 g6 52. Kh4 Re4+ 53. Kh3 Bxf5+ 54. Qxf5 Qxh6+ 55. Kg2 Re2+ 56. Kf1 Qe3 57. Qc8+ Qe8 58. Qxe8+ Rxe8 59. Rg5 Re3 60. Rxb5 Rxa3 61. Kf2 Kg7 62. Kg2 f5 63. Rb7+ Kf6 64. Ra7 Kg5 65. a6 Kg4 66. Ra8 g5 67. Kf2 f4 68. Ke2 f3+ 69. Kf2 Ra2+ 70. Ke3 Kg3 71. a7 g4 72. Kd3 Ra3+ 73. Kd2 f2 74. Rf8 Rxa7 0-1

[Event "FIDE WCC Blitz Women 2019"]
[Site "Moscow"]
[Date "2019.12.29"]
[Round "5.49"]
[White "Nebolsina, Vera"]
[Black "Dauletova, Gulmira"]
[Result "1-0"]
[WhiteElo "2252"]
[BlackElo "2112"]
[Annotator "NA"]
[PlyCount "83"]
[EventDate "2019.12.29"]
[EventType "swiss"]
[EventCountry "RUS"]
[SourceTitle "playchess.com"]
[Source "ChessBase"]
[SourceQuality "1"]

1. e4 e5 2. Nf3 d6 3. d4 exd4 4. Nxd4 Nf6 5. Nc3 Be7 6. Bc4 O-O 7. O-O c6 8. a4 a5 9. Re1 Re8 10. Ba2 Bf8 11. Bg5 Nbd7 12. Qd2 h6 13. Bh4 Ne5 14. Rad1 Ng6 15. Bg3 Nh5 16. Nf5 Nxg3 17. hxg3 Bxf5 18. exf5 Ne5 19. Ne2 d5 20. c3 Qf6 21. Bb1 Bc5 22. Nd4 Nc4 23. Qc2 Rxe1+ 24. Rxe1 Bxd4 25. cxd4 Qxd4 26. f6 g6 27. Re7 Qxf6 28. Rxb7 Re8 29. b3 Re1+ 30. Kh2 Na3 31. Qd2 Rxb1 32. Qxh6 Qd8 33. Qf4 Kg7 34. Qxf7+ Kh6 35. Qh7+ Kg5 36. Qh4+ Kf5 37. Qxd8 Ke4 38. Qe7+ Kd3 39. Qxa3 Rd1 40. b4+ Ke2 41. Qe3+ Kf1 42. Re7 1-0

[Event "FIDE WCC Blitz Women 2019"]
[Site "Moscow"]
[Date "2019.12.29"]
[Round "5.50"]
[White "Belenkaya, Dina"]
[Black "Afonasieva, Anna"]
[Result "1-0"]
[WhiteElo "2203"]
[BlackElo "2099"]
[Annotator "NA"]
[PlyCount "55"]
[EventDate "2019.12.29"]
[EventType "swiss"]
[EventCountry "RUS"]
[SourceTitle "playchess.com"]
[Source "ChessBase"]
[SourceQuality "1"]

1. e4 c5 2. Nc3 Nc6 3. Nge2 d6 4. g3 g6 5. Bg2 Bg7 6. d3 e6 7. Be3 Nge7 8. Qd2 Nd4 9. Nc1 O-O 10. O-O Rb8 11. Nd1 Re8 12. c3 Ndc6 13. Bh6 Bh8 14. Ne2 b5 15. Ne3 b4 16. Ng4 Bd7 17. h4 e5 18. Ne3 f5 19. h5 Bf6 20. hxg6 hxg6 21. exf5 gxf5 22. Nd5 Nxd5 23. Bxd5+ Kh7 24. Kg2 Ne7 25. Bf7 Bc6+ 26. f3 Rg8 27. Rh1 f4 28. Bf8+ 1-0

[Event "FIDE WCC Blitz Women 2019"]
[Site "Moscow"]
[Date "2019.12.29"]
[Round "5.51"]
[White "Lelekova, Olga"]
[Black "Shafigullina, Zarina"]
[Result "1-0"]
[WhiteElo "2176"]
[BlackElo "2052"]
[Annotator "NA"]
[PlyCount "67"]
[EventDate "2019.12.29"]
[EventType "swiss"]
[EventCountry "RUS"]
[SourceTitle "playchess.com"]
[Source "ChessBase"]
[SourceQuality "1"]

1. e4 c5 2. Nf3 Nc6 3. d4 cxd4 4. Nxd4 e5 5. Nb5 d6 6. c4 a6 7. N5a3 Nf6 8. Nc3 Be7 9. Be2 Nd4 10. O-O Be6 11. Nc2 Nxe2+ 12. Qxe2 Rc8 13. Ne3 Qc7 14. b3 b5 15. Ncd5 Bxd5 16. exd5 bxc4 17. bxc4 Rb8 18. Nf5 Bf8 19. f4 g6 20. fxe5 dxe5 21. Ne3 Bg7 22. Ba3 Nd7 23. Qf2 f5 24. Nxf5 gxf5 25. Qxf5 Qb6+ 26. Kh1 Qf6 27. Qg4 Qg6 28. Qe2 Bf6 29. c5 Kf7 30. c6 Nb6 31. d6 Qg5 32. Rf3 Rhc8 33. Raf1 Rxc6 34. Rxf6+ 1-0

[Event "FIDE WCC Blitz Women 2019"]
[Site "Moscow"]
[Date "2019.12.29"]
[Round "5.52"]
[White "Sgircea, Silvia-Raluca"]
[Black "Karavaeva, Olga"]
[Result "1-0"]
[WhiteElo "2154"]
[BlackElo "2174"]
[Annotator "NA"]
[PlyCount "89"]
[EventDate "2019.12.29"]
[EventType "swiss"]
[EventCountry "RUS"]
[SourceTitle "playchess.com"]
[Source "ChessBase"]
[SourceQuality "1"]

1. Nf3 d5 2. e3 Nf6 3. c4 e6 4. Nc3 c6 5. b3 Nbd7 6. Qc2 Bd6 7. Bb2 O-O 8. d4 Qe7 9. Be2 Rd8 10. O-O h6 11. Rfe1 a5 12. e4 dxe4 13. Nxe4 Nxe4 14. Qxe4 a4 15. Ne5 Nf6 16. Qc2 axb3 17. axb3 Rxa1 18. Rxa1 c5 19. dxc5 Bxc5 20. Bf3 Bd4 21. h3 Bxb2 22. Qxb2 Qb4 23. Ra8 Qb6 24. b4 Qc7 25. b5 Nd7 26. Nxd7 Qxd7 27. c5 Qc7 28. c6 bxc6 29. bxc6 Kh7 30. Qc2+ f5 31. Qc5 Qf4 32. Ra7 Qg5 33. c7 Rd2 34. Ra8 Rb2 35. Qd4 Rb1+ 36. Kh2 Bb7 37. Bxb7 e5 38. Qxe5 Rc1 39. c8=Q Rxc8 40. Rxc8 Qg6 41. Rc7 Qg5 42. f4 Qg6 43. Bc6 h5 44. Be8 Qh6 45. Bxh5 1-0

[Event "FIDE WCC Blitz Women 2019"]
[Site "Moscow"]
[Date "2019.12.29"]
[Round "5.53"]
[White "Balaian, Alina"]
[Black "Nosacheva, Mariya"]
[Result "1-0"]
[WhiteElo "2173"]
[BlackElo "2062"]
[Annotator "NA"]
[PlyCount "37"]
[EventDate "2019.12.29"]
[EventType "swiss"]
[EventCountry "RUS"]
[SourceTitle "playchess.com"]
[Source "ChessBase"]
[SourceQuality "1"]

1. e4 c5 2. Nc3 d6 3. g3 Nc6 4. Bg2 g6 5. d3 Bg7 6. Be3 Rb8 7. Qd2 b5 8. Nge2 Nd4 9. O-O e6 10. f4 Ne7 11. Rae1 O-O 12. Nc1 b4 13. Nd1 Ba6 14. c3 Ndc6 15. f5 Ne5 16. f6 Bxf6 17. Rxf6 Nf5 18. Bg5 h6 19. Rxg6+ 1-0

[Event "FIDE WCC Blitz Women 2019"]
[Site "Moscow"]
[Date "2019.12.29"]
[Round "5.54"]
[White "Protopopova, Anastasiya"]
[Black "Ovod, Evgenija"]
[Result "0-1"]
[WhiteElo "2084"]
[BlackElo "2163"]
[Annotator "NA"]
[PlyCount "78"]
[EventDate "2019.12.29"]
[EventType "swiss"]
[EventCountry "RUS"]
[SourceTitle "playchess.com"]
[Source "ChessBase"]
[SourceQuality "1"]

1. d4 d5 2. c4 e6 3. Nf3 Nf6 4. g3 dxc4 5. Bg2 c5 6. O-O Nc6 7. dxc5 Qxd1 8. Rxd1 Bxc5 9. Nbd2 c3 10. bxc3 Bd7 11. Nb3 Be7 12. Nfd4 Rc8 13. Rb1 b6 14. Bd2 Ne5 15. Be1 Nc4 16. Ra1 O-O 17. e4 e5 18. Nf5 Ba3 19. Rab1 Rfd8 20. Bf1 Nxe4 21. Bxc4 Rxc4 22. Ne3 Rcc8 23. Rd5 Be6 24. Rxe5 Nxc3 25. Bxc3 Rxc3 26. Rb5 g6 27. Kg2 Kg7 28. h4 h5 29. Re5 a5 30. Rb5 a4 31. Na1 Bc5 32. a3 Rd2 33. Kg1 Rxa3 34. Nac2 Rb3 35. Kf1 Rxb1+ 36. Rxb1 a3 37. Ke1 a2 38. Rc1 Bxe3 39. fxe3 Rxc2 0-1

[Event "FIDE WCC Blitz Women 2019"]
[Site "Moscow"]
[Date "2019.12.29"]
[Round "5.55"]
[White "Bulatova, Kamaliya"]
[Black "Nilssen, Ellen Fredericia"]
[Result "1/2-1/2"]
[WhiteElo "2038"]
[BlackElo "2162"]
[Annotator "NA"]
[PlyCount "104"]
[EventDate "2019.12.29"]
[EventType "swiss"]
[EventCountry "RUS"]
[SourceTitle "playchess.com"]
[Source "ChessBase"]
[SourceQuality "1"]

1. e4 e6 2. d4 d5 3. exd5 exd5 4. Bd3 c5 5. Bb5+ Nc6 6. Bxc6+ bxc6 7. Nf3 Nf6 8. h3 h6 9. O-O Bd6 10. Re1+ Be6 11. dxc5 Bxc5 12. Nd4 Bxd4 13. Qxd4 O-O 14. Nc3 Bf5 15. Bf4 Bxc2 16. Rac1 Bg6 17. Na4 Re8 18. Rxe8+ Qxe8 19. Be5 Nd7 20. Bxg7 Kh7 21. Bf6 Qe6 22. Bh4 Ne5 23. Nc5 Qf5 24. Bg3 Re8 25. Qf4 Qxf4 26. Bxf4 Nc4 27. b3 Nb6 28. a4 Nc8 29. Nd7 Re4 30. Nf6+ Kg7 31. Nxe4 Bxe4 32. Rxc6 Ne7 33. Be5+ Kg8 34. Rxh6 Ng6 35. Bf6 Bc2 36. Rh5 Bxb3 37. a5 Kf8 38. Rf5 Bc2 39. Rxd5 Kg8 40. h4 Kh7 41. h5 Nf4 42. Rd7 Bb3 43. Rxa7 Nxh5 44. Bg5 Kg6 45. Be3 Bd5 46. Ra6+ Kf5 47. Rd6 Ke5 48. Rh6 Nf6 49. a6 Ng4 50. Rh5+ Kd6 51. a7 Nf6 52. Rxd5+ Kxd5 1/2-1/2

[Event "FIDE WCC Blitz Women 2019"]
[Site "Moscow"]
[Date "2019.12.29"]
[Round "5.56"]
[White "Serikbay, Assel"]
[Black "Styazhkina, Anna"]
[Result "0-1"]
[WhiteElo "2028"]
[BlackElo "2159"]
[Annotator "NA"]
[PlyCount "80"]
[EventDate "2019.12.29"]
[EventType "swiss"]
[EventCountry "RUS"]
[SourceTitle "playchess.com"]
[Source "ChessBase"]
[SourceQuality "1"]

1. d4 d5 2. Nf3 Nf6 3. c4 c6 4. g3 Bf5 5. Bg2 e6 6. O-O h6 7. Nc3 Nbd7 8. b3 Bd6 9. Bb2 O-O 10. Nd2 Bh7 11. e4 dxe4 12. Ndxe4 Nxe4 13. Nxe4 Be7 14. d5 cxd5 15. cxd5 e5 16. d6 Bf6 17. Nxf6+ Qxf6 18. Bxb7 Rab8 19. Bc6 Nc5 20. Qd5 Nd3 21. Ba3 Rfd8 22. d7 e4 23. Bd6 Rb6 24. Rad1 Bf5 25. Bc7 Qxc6 26. Qxc6 Rxc6 27. Bxd8 Bxd7 28. f3 f5 29. Be7 Rc2 30. a4 Bc6 31. a5 a6 32. b4 Bb5 33. fxe4 fxe4 34. Rf8+ Kh7 35. Rdf1 e3 36. R8f7 Bc6 37. Bf8 Rg2+ 38. Kh1 Rxg3+ 39. R7f3 Bxf3+ 40. Rxf3 Rxf3 0-1

[Event "FIDE WCC Blitz Women 2019"]
[Site "Moscow"]
[Date "2019.12.29"]
[Round "5.57"]
[White "Munkhzul, Davaakhuu"]
[Black "Barchuk, Irina"]
[Result "1-0"]
[WhiteElo "1973"]
[BlackElo "2047"]
[Annotator "NA"]
[PlyCount "143"]
[EventDate "2019.12.29"]
[EventType "swiss"]
[EventCountry "RUS"]
[SourceTitle "playchess.com"]
[Source "ChessBase"]
[SourceQuality "1"]

1. e4 c5 2. Nf3 Nc6 3. d4 cxd4 4. Nxd4 g6 5. c4 Bg7 6. Be3 Nf6 7. Nc3 O-O 8. Be2 b6 9. O-O Bb7 10. f3 e6 11. b3 d5 12. cxd5 exd5 13. Nxc6 Bxc6 14. e5 Ne8 15. f4 f6 16. Bd4 Nc7 17. Bg4 f5 18. Bf3 Rc8 19. Re1 Ne6 20. Ne2 Rf7 21. Be3 d4 22. Bxc6 dxe3 23. Bd5 Re7 24. Ng3 Kh8 25. Bxe6 Rxe6 26. Rxe3 Bf8 27. Rd3 Bc5+ 28. Kh1 Qe7 29. Rd7 Qh4 30. Qf3 a5 31. Rad1 Rec6 32. Qd5 Qxf4 33. Rd8+ Bf8 34. Rxf8+ Rxf8 35. Qxc6 Qxe5 36. Qxb6 f4 37. Nf1 Qe2 38. Qd4+ Kg8 39. Qc4+ Qxc4 40. bxc4 Rc8 41. Rc1 Rc5 42. Nd2 Kf7 43. Nb3 Re5 44. c5 Ke7 45. Nxa5 Re2 46. a3 Kd7 47. Nc4 g5 48. Nd6 Kc6 49. a4 Ra2 50. Nf7 h6 51. Nxh6 Rxa4 52. Nf7 g4 53. Ne5+ Kc7 54. Nxg4 Re4 55. Kg1 Re2 56. h4 Re7 57. Kh2 Rg7 58. Kh3 Rf7 59. h5 Rf5 60. Kh4 f3 61. gxf3 Rxf3 62. h6 Rf8 63. Kh5 Rg8 64. h7 Rh8 65. Kg6 Re8 66. Nf6 Ra8 67. Ng8 Ra6+ 68. c6 Ra4 69. h8=Q Rg4+ 70. Kf5 Rg2 71. Qh7+ Kb8 72. Qb7# 1-0

[Event "FIDE WCC Blitz Women 2019"]
[Site "Moscow"]
[Date "2019.12.29"]
[Round "5.58"]
[White "Nur-Mukhametova, Alisa"]
[Black "Gvanceladze, Anna"]
[Result "0-1"]
[WhiteElo "1832"]
[BlackElo "2066"]
[Annotator "NA"]
[PlyCount "118"]
[EventDate "2019.12.29"]
[EventType "swiss"]
[EventCountry "RUS"]
[SourceTitle "playchess.com"]
[Source "ChessBase"]
[SourceQuality "1"]

1. Nf3 d5 2. c4 c6 3. g3 Nf6 4. Bg2 g6 5. O-O Bg7 6. d4 O-O 7. cxd5 cxd5 8. Ne5 b6 9. Nc3 Bb7 10. Bf4 Nbd7 11. Rc1 Nxe5 12. dxe5 Ne4 13. Nxe4 dxe4 14. Qa4 Qe8 15. Qxe8 Rfxe8 16. Rc7 Bd5 17. Rfc1 e6 18. b3 h6 19. h4 g5 20. hxg5 hxg5 21. Bxg5 Bxe5 22. R7c2 Kg7 23. Bf4 Bxf4 24. gxf4 Kf6 25. e3 Rg8 26. Kf1 Rg7 27. Bh1 Rh8 28. Ke2 Rh2 29. Rd1 Rgh7 30. Rcc1 Bb7 31. Kd2 Rxf2+ 32. Kc3 Rxa2 33. Rd4 Rh3 34. Re1 Rah2 35. Bxe4 Bxe4 36. Rxe4 Ra2 37. Rc4 Rhh2 38. Kd3 Kf5 39. Rc3 Rhd2+ 40. Kc4 Ra5 41. b4 Raa2 42. Rd3 Rac2+ 43. Kb3 Rxd3+ 44. Kxc2 Ra3 45. Rd1 Ke4 46. Rd7 f6 47. Re7 Kf5 48. Kd2 a5 49. bxa5 bxa5 50. Ra7 Ra2+ 51. Kd3 Ra3+ 52. Kd2 Ke4 53. Ra6 Kd5 54. f5 e5 55. Ra8 Ke4 56. Re8 Kf3 57. Rf8 Ke4 58. Re8 Kd5 59. Rd8+ Kc6 0-1

[Event "FIDE WCC Blitz Women 2019"]
[Site "Moscow"]
[Date "2019.12.29"]
[Round "5.59"]
[White "Agrest, Inna"]
[Black "Novikova, Anna"]
[Result "1-0"]
[WhiteElo "2180"]
[BlackElo "2045"]
[Annotator "NA"]
[PlyCount "59"]
[EventDate "2019.12.29"]
[EventType "swiss"]
[EventCountry "RUS"]
[SourceTitle "playchess.com"]
[Source "ChessBase"]
[SourceQuality "1"]

1. e4 c5 2. Nf3 e6 3. d4 cxd4 4. Nxd4 Nf6 5. Nc3 Nc6 6. Ndb5 Bb4 7. Nd6+ Ke7 8. Nxc8+ Rxc8 9. Bd3 d5 10. exd5 Nxd5 11. O-O Nxc3 12. bxc3 Bxc3 13. Rb1 b6 14. Ba3+ Ke8 15. Qf3 Bf6 16. Rbd1 Qc7 17. Ba6 Be7 18. Bxc8 Qxc8 19. Bxe7 Kxe7 20. Qa3+ Ke8 21. Rd6 h5 22. Rfd1 Rh6 23. Qa4 Kf8 24. Qxc6 Qxc6 25. Rxc6 Ke7 26. Rc7+ Kf6 27. Rxa7 Rg6 28. Rdd7 Kg5 29. Rxf7 e5 30. Rxg7 1-0

[Event "FIDE WCC Blitz Women 2019"]
[Site "Moscow"]
[Date "2019.12.29"]
[Round "5.60"]
[White "Manakova, Maria"]
[Black "Khokhlova, Daria"]
[Result "0-1"]
[WhiteElo "2149"]
[BlackElo "2109"]
[Annotator "NA"]
[PlyCount "98"]
[EventDate "2019.12.29"]
[EventType "swiss"]
[EventCountry "RUS"]
[SourceTitle "playchess.com"]
[Source "ChessBase"]
[SourceQuality "1"]

1. e4 c5 2. Nf3 d6 3. d4 cxd4 4. Nxd4 Nf6 5. Nc3 a6 6. Be2 e5 7. Nb3 Be7 8. Be3 Be6 9. Nd5 Bxd5 10. exd5 Nbd7 11. O-O O-O 12. c4 Nc5 13. Nxc5 dxc5 14. f4 exf4 15. Bxf4 Ne4 16. Qc2 Nd6 17. Bd3 h6 18. Be3 b6 19. Kh1 Bg5 20. Bg1 Qd7 21. Rf3 Rfe8 22. Raf1 Re7 23. Qd1 Rae8 24. b3 Qg4 25. h3 Qd7 26. Bh2 Be3 27. Bc2 Bd4 28. Qd3 g6 29. Rg3 Be5 30. Rgf3 Bd4 31. h4 Ne4 32. h5 Qg4 33. hxg6 fxg6 34. Qd1 Nf2+ 35. R3xf2 Qxd1 36. Bxd1 Bxf2 37. g3 Re1 38. Kg2 Rxf1 39. Kxf1 Re1+ 40. Kxf2 Rxd1 41. Kf3 Rd2 42. Bg1 Rxa2 43. Ke4 Kf7 44. b4 cxb4 45. Bxb6 b3 46. Bd4 b2 47. Bxb2 Rxb2 48. c5 Ke7 49. d6+ Ke6 0-1